00376nam a22001337a 450000500170000000800410001704100130005808200130007110000130008424500400009726000550013730000240019265000260021620240712064341.0240712b |||||||| |||| 00| 0 eng d aEnglish  a349 PRE  lEnglish  aPrentice Hall Weekly Legal Service  aDurban: bPrentice Hall Services (Pty) Ltd, c1970 b77 pages; c26 cm.  aLegal practice bLaw